000 01402nam0a2200337 4500
001 RU\NLR\BIBL_A\011746172
005 20180726094600.0
010 _a978-5-6040742-0-6
_9500
021 _aRU
_bКН-П-18-042059
_9КН-П-18-3038
035 _a(NLR Aleph) 011746172
035 _a(RuMoRGB)009656708
090 _a11603948
_c11603948
100 _a20180709d2018 u y0rusy50 ca
101 0 _arus
102 _aRU
105 _aa|||z|||000zy
200 1 _aТаро Папюса
_eключ всякого рода карточных гаданий
_eкнига-руководство
_fПапюс
210 _aНижний Новгород
_cМосквичев А. Г
_d2018
215 _a136, [3] с.
_cил.
_d20
_eколода 78 арканов
300 _aВ тексте аннот.: в этой кн. Жерар Анкос дает полное руководство к своему Таро
309 _aВложено в футляр с колодой карт
333 _a16+
606 1 _aТаро
_92073672
_3RU\NLR\AUTH\661248597
686 2 _aЭ391.215
700 1 _4070
_7ca
_8rus
_aПапюс
_cпсевдоним
_f1865-1916
_9139215
_3RU\NLR\AUTH\770139250
942 _cBOOK
980 _aNBR
980 _aNB